Gaming Quiz

Random Gaming or Disney Quiz

Disney Infinity characters (map) Quiz Stats

 Plays Quiz not verified by Sporcle

Challenge
Share
Tweet
Score 0/26 Timer 14:00
0 Plays Today
% Correct
Mike
94.3%
Cpt Jack Sparrow
91.7%
Jack Skellington
91.3%
Woody
91%
Anna
89%
Elsa
88.2%
Buzz
88%
Wreck-it-Ralph
87.3%
Lightning Mcqueen
86.8%
Mr Incredible
86.8%
Jessie
85.6%
Violet
85.2%
Dash
84.2%
% Correct
Mater
84%
Sulley
79.3%
Davy Jones
75.5%
Syndrome
75.3%
Mrs Incredible
72%
Lone Ranger
67.8%
Tonto
63%
Rapunzel
61.7%
Cpt Barbossa
59.3%
Randy
54.6%
Francesco
51.8%
Holley
48.3%
Vanellope
45.9%

You're not logged in!

Compare scores with friends on all Sporcle quizzes.
Join for Free
OR
Log In

You Might Also Like...

Show Comments

Extras

Top Quizzes Today


Score Distribution

Your Account Isn't Verified!

In order to create a playlist on Sporcle, you need to verify the email address you used during registration. Go to your Sporcle Settings to finish the process.

Report this User

Report this user for behavior that violates our Community Guidelines.

Details: